Contrato social /
Guardado en:
| Autor Principal: | |
|---|---|
| Formato: | Libro |
| Publicado: |
España :
Planeta / De Agostini,
1995
|
| Series: | Obras maestras del milenio, 121
|
| Etiquetas: |
Agregar Etiqueta
Sin Etiquetas, Sea el primero en etiquetar este registro!
|
| LEADER | 00472nam a22001575a 4500 | ||
|---|---|---|---|
| 001 | CEM.cems011550 | ||
| 005 | 20060214000000.0 | ||
| 008 | 130507s1995##################000#0#####d | ||
| 003 | CEMS | ||
| 082 | 0 | 4 | |a 320.1 |
| 100 | 1 | |a Rousseau, Juan Jacobo | |
| 245 | 1 | 0 | |a Contrato social / |c Juan Jacobo Rousseau |
| 260 | |a España : |b Planeta / De Agostini, |c 1995 | ||
| 300 | |a 170 p. | ||
| 490 | 0 | |a Obras maestras del milenio, 121 | |
| 859 | |a CEMS |b BIB. CEMS - 11 de abril |h 320.1 |i R762-2 |p 22511.04 |t Ej.1 | ||
